Quizzes
Events
Quiz Creation
Community
Videos
Private Events
Remove Ads
Sign In
Join for FREE
Feedback
Dark Mode
Quiz Categories
Sports
Geography
Music
Movies
Television
Just For Fun
Miscellaneous
History
Literature
Language
Science
Gaming
Entertainment
Religion
Holiday
For Kids
Quiz Lab
Recent
Popular Today
Quiz Kudos Today
Editor Picks
Curator Picks
Quizzes by...
Day
Popularity
Type
Ratings
Length
Year
Community
Subscriptions
Recent Discussions
Orange Saloon
Badges
Playlists
Quests
Create
Leaderboards
Showdown
Live 5
Trivia Bingo
Activity
Puzzle Library
Sporcle Events
Private Events
Virtual Trivia
Globe League
Become a Host
Pub Owners
SporcleCon
Opinionation
Our Games
Videos
Blog
Mobile Apps
Partnerships
Remove Ads and Go Orange
Feedback
History
US Presidents
World Leaders
Politics
Nation
Discovery
War
Decade
Year
Century
Biography
Art
History
US Presidents
World Leaders
Politics
Nation
Discovery
War
Decade
Year
Century
Biography
Art
Random Quiz
Search Sporcle
×
Quiz Lab
Quiz Lab
History
Classical
Type in answers that appear in a list
Type in answers that appear in a list
Classic
Best Score? Go Orange.
Italian Roman Emperors Stats
Can you name the Roman Emperors who were born in Italy?
By
AdamBishop
10m
26 Questions
282 Plays
282 Plays
282 Plays
Comments
Comments
Give Quiz Kudos
Give Quiz Kudos
-
- Ratings
hide this ad
More Info
Replay
Link that replays current quiz
Next Quiz
Link to next quiz in quiz playlist
You Got
0%
They Got
Avg Score
50%
Avg Friend Score
Upgrade to see
Score Distribution
Jump to the score distribution portion of the page
Score
0/26
Timer
10:00
0
Plays Today
Born
Emperor
% Correct
Rome, 63 BC
Augustus
95.7%
Antium, 37
Nero
91.8%
Antium, 12
Caligula
83.7%
Rome, 42 BC
Tiberius
79.1%
Falacrina, 9
Vespasian
73%
Rome, 121
Marcus Aurelius
67.7%
Rome, 39
Titus
66.3%
Rome, 51
Domitian
64.5%
Terracina, 3 BC
Galba
61.7%
Ferentium, 32
Otho
61.7%
Lanuvium, 161
Commodus
61.3%
Narnia, 35
Nerva
60.3%
Lanuvium, 86
Antoninus Pius
52.5%
Born
Emperor
% Correct
Rome, 15
Vitellius
51.8%
Alba Pompeia, 126
Pertinax
45.4%
Rome, 130
Lucius Verus
44%
Rome, 189
Geta
35.8%
Mediolanum, 133
Didius Julianus
34.4%
Rome, 211
Gordian III
30.5%
Interamna, 200
Tacitus
26.6%
Italy, 218
Gallienus
24.5%
Ravenna, 419
Valentinian III
22%
Rome, 431
Olybrius
19.5%
Perusia, 206
Trebonianus Gallus
17.7%
Lucania, 420
Libius Severus
16%
Rome, 396
Petronius Maximus
15.6%
Quiz Playlist
Details
Report
Send in Message
Add To Playlist
More Info:
Also various Wikipedia pages.
Classic:
Type in answers that appear in a list
Quiz Source
Last Updated: Feb 16, 2017
Quiz Scoreboard
CHALLENGE
Sign Up to Join the Scoreboard
Show All
Scores
Hide
Comments
May contain spoilers
Recently Published
Movies - When Are They Set?
by FPL_Elf
Movies
5m
Popular People in 1961
by mucciniale
History
6m
1-10 Letter E Words III
by El_Dandy
Language
2m
More to Explore
Quiz From the Vault
Featured Blog Post
Where Did the Easter Bunny Come From?
hide this ad
You Might Also Like...
Tags
Classical Quiz
Ancient Rome
birthplace
Emperor
Roman
rome
Today's Top Quizzes in History
Browse History
hide this ad
Today's Top Quizzes in Classical
Browse Classical
Top Contributed Quizzes in History
1
Popular People in 1991
2
Popular People in 1981
3
Popular People in 1951
4
Popular People in 1941
5
Popular People in 1986
6
Popular People in 1921
7
Popular People in 1976
8
I Am Born On March 28th
9
Popular People in 1946
10
Popular People in 1936
Explore More
Trending Topics
Disney
Harry Potter
Crossword
NBA
Kpop
Marvel
Anime
Pokémon
WWE
Puzzle
The Office
Country
Soccer
Song
NFL
hide this ad
More By:
AdamBishop
Quiz
Plays
Rating
Category
Featured
Created
Viking Countries
128,669
4.53
History
Oct 13, 2010
Countries Colonized by Ancient Greeks
106,989
4.34
Geography
Oct 8, 2010
Populous French Cities, 1000-2006
96,148
4.60
Geography
Apr 18, 2011
Countries Visited by Captain Cook
80,652
4.69
History
Sep 13, 2010
People Whose Names Are Sentences
69,688
4.00
Language
Jul 8, 2011
Go to Creator's Profile
Score Distribution
Quiz Creator Spotlight
AdamBishop
Follow
Send a Message
Quizzes Created
-
Created Quiz Play Count
-
More By This Creator
Popular Quizzes Today
1
Find the US States - No Outlines Minefield
2
Find the Countries of Europe - No Outlines Minefield
3
The Countries of the World
4
Popular People in 1961
5
1-10 Letter E Words III
6
US States
7
Find the US States
8
One Thing in Common: World Cities II
More History Quizzes
MG Cars Over Time
Quiz Lab
Trending Quizzes
Risky Map Clicking: Least Populous States A-Z
1-10 Letter F Words
1-10 Letter G Words
One Thing in Common: United Kingdom
Risky Map Clicking: Next State Alphabetically
Recently Updated
Leaping Animals
pecheneg
Reality TV Shows (A-Z)
bhenderson79
Rickey Henderson's Hall of Fame Teammates
pecheneg
Champions League XIs: Arsenal
pecheneg
Quick Pick: Celebrities in WWE's Hall of Fame
aduchscher
A-Z Keypad Blitz II
pecheneg
Multiple Oscar Actors
pecheneg
Mystery Phrase Blitz: Oscar 'Best Actors'
pecheneg
F. Scott Fitzgerald Novels
LTH
Pick 3 Villains
ddd62291
Trending Topics
Crossword
Disney
Harry Potter
Marvel
NBA
Kpop
Anime
Song
Country
The Office
Pokémon
WWE
Puzzle
Soccer
NFL
Your Account Isn't Verified!
In order to create a playlist on Sporcle, you need to verify the email address you used during registration. Go to your
Sporcle Settings
to finish the process.
Report this User
Report this user for behavior that violates our
Community Guidelines
.
Details:
Send Report
Go to the Sporcle.com Mobile Site →
Comments